| 000 | 00476nam a2200193Ia 4500 | ||
|---|---|---|---|
| 008 | 180207s9999 xx 000 0 und d | ||
| 020 | _a9780439877733 | ||
| 050 | _bB852 2006 | ||
| 100 | _aBridwell, Norman | ||
| 245 | 4 | _aThe big red stop sign / | |
| 245 | _cby Norman Bridwell. | ||
| 260 | _aNew York : | ||
| 260 | _bScholastic, | ||
| 260 | _c2006 | ||
| 300 | _aunpaged : | ||
| 300 | _bcolor illustrations ; | ||
| 300 | _c22cm. | ||
| 440 | _aClifford's puppy days. | ||
| 999 |
_c355859 _d355859 |
||